|
|
|
|
| LEADER |
00000cam a2200000 7i4500 |
| 001 |
0000040215 |
| 005 |
20140317.0 |
| 008 |
140310 |
| 020 |
|
|
|a 9671065457
|
| 090 |
0 |
0 |
|a 499.2382
|b RAH
|
| 100 |
0 |
|
|a Rahmat Bin Ibrahim
|
| 245 |
1 |
0 |
|a 255 contoh penulisan Bahasa Malaysia UPSR
|c Rahmat bin Ibrahim
|
| 260 |
|
|
|a KL :
|b Book Mart Pub. Sdn Bhd ,
|c [s.n]
|
| 650 |
|
0 |
|a Malay language
|x Composition and exercises
|
| 999 |
|
|
|a 0001276139
|b Book
|c Adult Collection
|e Cawangan Bukit Gambir
|
| 999 |
|
|
|a 0001276146
|b Book
|c Adult Collection
|e Cawangan Tmn. Ungku Tun Aminah
|
| 999 |
|
|
|a 0001276149
|b Book
|c Adult Collection
|e Cawangan AEON Kulaijaya
|
| 999 |
|
|
|a 0001279215
|b Book
|c Children Collection
|e Perbadanan Perpustakaan Awam Johor
|
| 999 |
|
|
|a 0001279216
|b Book
|c Teenagers
|e Cawangan Urban Transformation Centre
|